000 00517nam a2200181Ia 4500
005 20250508155920.0
008 008 250505s9999 xx 000 0 eng d
037 _aBooks to be hide in OPAC
040 _aFEDL
_beng
_cFEDL
041 _aeng
_2eng
084 _a370.70942, UNI/O
_qFEDL
100 _aFosse C. F. de la
_9767783
245 0 _aReport on the training of teachers in Great Britain
260 _c1906
300 _a94p.
942 _cHB
_h370.70942, UNI/O
999 _c1360055
_d1360055